| 000 | 00974nam a2200265 i 4500 | ||
|---|---|---|---|
| 003 | DO-SdBNP | ||
| 005 | 20260422101857.0 | ||
| 007 | ta | ||
| 008 | 260422b1986 dr ||||| |||| 00| 0 spa d | ||
| 040 |
_aDO-SdBNP _bspa _cBNPHU _erda |
||
| 041 | _aspa | ||
| 082 | 4 |
_axxx _bA485c _222 |
|
| 100 | 1 |
_aAmaro Guzmán, Raymundo _4aut. _9656 _eautor |
|
| 245 | 1 | 0 |
_aCarrera administrativa : _bfactor estratégico para conjurar la crisis general del estado / _cRaymundo Amaro Guzmán. |
| 264 | 4 |
_aSanto Domingo, República Dominicana : _bPublicaciones ONAP, _c©1986. |
|
| 300 |
_a23 páginas ; _c23 cm. |
||
| 336 |
_atexto _btxt _2rdacontent |
||
| 337 |
_asin mediación _bn _2rdamedia |
||
| 338 |
_avolumen _bnc _2rdacarrier |
||
| 490 | 0 |
_aColección seminarios _vno. 16. |
|
| 500 | _aCharla dictada en la Facultad de Derecho de la Universidad Católica Madre y Maestra, Santiago, R.D., 10 de octubre 1986. | ||
| 590 | _aInventariado, 2026 /LP | ||
| 910 | _aLP | ||
| 942 |
_2ddc _cLF2 |
||
| 999 |
_c60598 _d60598 |
||